header

Aspect and the categorization of states (Record no. 107266)

MARC details
000 -LEADER
fixed length control field 01349nam a2200325Ia 4500
100 1# - MAIN ENTRY--AUTHOR NAME
Personal name Roby, David Brian,
245 10 - TITLE STATEMENT
Title Aspect and the categorization of states
260 ## - PUBLICATION, DISTRIBUTION, ETC. (IMPRINT)
Place of publication Philadelphia :
Name of publisher John Benjamins Pub. Co.,
Year of publication 2009.
300 ## - PHYSICAL DESCRIPTION
Number of Pages xii, 191 p. :
Other physical details ill.
490 1# - SERIES STATEMENT
Series statement Studies in language companion series ;
650 #0 - SUBJECT ADDED ENTRY--TOPICAL TERM
Topical Term Spanish language
Topical Term Ser (The Spanish word)
Topical Term Estar (The Spanish word)
856 40 - ELECTRONIC LOCATION AND ACCESS
Uniform Resource Identifier http://site.ebrary.com/lib/rucke/Doc?id=10355436

No items available.

© 2026 Rongo University
Contact us: librarian | system librarian | Rongo university